Building A New India / (Record no. 78547)

MARC details
000 -LEADER
fixed length control field 00702nam a22002057a 4500
005 - DATE AND TIME OF LATEST TRANSACTION
control field 20140303102025.0
010 ## - LCCN (DPL NO)
LC control number B-514812-818
020 ## - INTERNATIONAL STANDARD BOOK NUMBER
International Standard Book Number 9780143416067
Terms of availability 99.00
035 ## - SYSTEM CONTROL NUMBER
System control number B-514812-818
037 ## - SOURCE OF ACQUISITION
Source of stock number/acquisition BBB/Ven
Stock number dpl
082 ## - DEWEY DECIMAL CLASSIFICATION NUMBER
Classification number 303.490954
100 ## - MAIN ENTRY--PERSONAL NAME
Personal name A.P.J. Abdul Kalam
245 ## - TITLE STATEMENT
Title Building A New India /
Statement of responsibility, etc by A.P.J. Abdul Kalam [and] Y.S. Rajan
260 ## - PUBLICATION, DISTRIBUTION, ETC. (IMPRINT)
Place of publication, distribution, etc New Delhi
Name of publisher, distributor, etc Penguin Books India
Date of publication, distribution, etc 2011
270 ## - ADDRESS
Address 11 Community Centre, Panchsheel park
City New Delhi
Postal code 110017
300 ## - PHYSICAL DESCRIPTION
Extent 150p.
Dimensions 20cm(pbk)
700 ## - ADDED ENTRY--PERSONAL NAME
Personal name Rajan, Y. S.
942 ## - ADDED ENTRY ELEMENTS (KOHA)
Source of classification or shelving scheme Dewey Decimal Classification
Item type Children Books
Call number suffix KAL
Classification part 303.490954
Holdings
Withdrawn status Lost status Not for loan Collection code Home library Current library Date acquired Source of acquisition Cost, normal purchase price Full call number Barcode Copy number Cost, replacement price Koha item type
      Non-fiction Central Library Central Library 28/02/2014 BBB/IN10416/21.03.2013/202/20.03.2013/25.03.2013 99.00 303.490954 KAL B-514812 1 99.00 Children Books
      Non-fiction Janak Puri Janak Puri 28/02/2014 BBB/IN10416/21.03.2013/202/20.03.2013/25.03.2013 99.00 303.490954 KAL B-514814 1 99.00 Children Books
      Non-fiction Karol Bagh Karol Bagh 28/02/2014 BBB/IN10416/21.03.2013/202/20.03.2013/25.03.2013 99.00 303.490954 KAL B-514817 1 99.00 Children Books
      Non-fiction Narela Narela 28/02/2014 BBB/IN10416/21.03.2013/202/20.03.2013/25.03.2013 99.00 303.490954 KAL B-514818 1 99.00 Children Books
  Written-off vide DLB M. No. 383 dt 16.05.19   Non-fiction Patel Nagar Patel Nagar 28/02/2014 BBB/IN10416/21.03.2013/202/20.03.2013/25.03.2013 99.00 303.490954 KAL B-514813 1 99.00 Children Books
      Non-fiction Sarojini Nagar Sarojini Nagar 28/02/2014 BBB/IN10416/21.03.2013/202/20.03.2013/25.03.2013 99.00 303.490954 KAL B-514815 1 99.00 Children Books
      Non-fiction Vinoba Puri Vinoba Puri 28/02/2014 BBB/IN10416/21.03.2013/202/20.03.2013/25.03.2013 99.00 303.490954 KAL B-514816 1 99.00 Children Books

© Delhi Public Library
Hit Counter
free hit counter